000 00514nam a2200217Ia 4500
003 OSt
005 20220924151905.0
006 a|||||r|||| 00| 0
007 ta
008 220923b |||||||| |||| 00| 0 mar d
024 _a339487
037 _cTextual
040 _aARTS
_cARTS
_bmar
041 _2mar
_amar
082 _aO155:g, N4
245 0 _aSahityaachaa kas
260 _c1994
650 _aMARATHI LITERATURE
_938000
942 _hO155:g, N4
_cTEXL
_2CC
999 _c467957
_d467957